UBT Library

Pharmacology for nursing : (Record no. 1531)

000 -LEADER
fixed length control field 00340nam a22001217a 4500
008 - FIXED-LENGTH DATA ELEMENTS--GENERAL INFORMATION
fixed length control field 160422b xxu||||| |||| 00| 0 eng d
020 ## - INTERNATIONAL STANDARD BOOK NUMBER
International Standard Book Number 9780133026184
020 ## - INTERNATIONAL STANDARD BOOK NUMBER
International Standard Book Number 0133026183
041 ## - LANGUAGE CODE
Language code of text/sound track or separate title eng
080 ## - UNIVERSAL DECIMAL CLASSIFICATION NUMBER
Universal Decimal Classification number 615:618.2
245 ## - TITLE STATEMENT
Title Pharmacology for nursing :
Statement of responsibility, etc Michael Patrck Adams; Leland Norman Holland; Carol Quam Urban;
942 ## - ADDED ENTRY ELEMENTS (KOHA)
Source of classification or shelving scheme
Item type Books
Holdings
Withdrawn status Lost status Source of classification or shelving scheme Damaged status Not for loan Collection code Permanent location Current location Shelving location Date acquired Total Checkouts Full call number Barcode Date last seen Koha item type
          Koleksioni i përgjithshem UBT - Lipjan UBT - Lipjan Koleksioni i përgjithshem 01/05/2017   618.2 ADA 002-036114 04/22/2016 Books
UBT Library © 2015-2024. All rights reserved University Education for Business and Technology